000
00203 a2200097 4500
001
1902
100
_a
Carroll, P.
245
_a
Timestudy cost control
260
_a
_b
Mc Grawhill
_c
090
_c
1401
_d
1401
942
_a
NUST-CAE
_c
M
_c
4459
999
_c
236975
_d
236975